Countries that Beat Finland - Statistics

General Stats
  • This quiz has been taken 220 times
    131 since last reset
  • The average score is 12 of 16
Answer Stats
Rank Category Countries % Correct
5 Largest by area in the E.U. France | Spain | Sweden | Germany
98%
5 Longest border with Russia Kazakhstan | China | Mongolia | Ukraine
98%
5 Northernmost point(not including overseas territories) Canada | Russia | Norway | United States
96%
4 Most visited by Swedish people on holiday [1] Denmark | Norway | Spain
90%
8 Most medals won in Winter Olympics Norway | United States | Germany | Austria | Canada | Soviet Union | Sweden
84%
7 Flag with the highest % of white Cyprus | Afghanistan | Japan | South Korea | Georgia | Israel
83%
2 Lowest population density in Europe Iceland
83%
3 Most Ice Hockey World Championship wins per capita Czech Republic | Sweden
79%
5 (t) Coldest capital city Mongolia | Kazakhstan | Iceland | Russia
77%
3 Least populous country starting with the letter F F. S. Micronesia | Fiji
71%
6 Lowest air pollution [2] Iceland | Grenada | Australia | New Zealand | Estonia
71%
2 Highest number of people that speak a Finno-Ugric language Hungary
68%
5 Most published books per capita Iceland | Luxembourg | Estonia | United Kingdom
62%
4 Biggest exporter of nickel mattes [3] Indonesia | Canada | Russia
58%
2 Largest country by area ending in "land" Thailand
56%
14 Highest % of forest Suriname | F. S. Micronesia | Palau | Gabon | Solomon Islands | Equatorial Guinea | Guyana | Papua New Guinea | Seychelles | Saint Vincent and the Grenadines | Bhutan | Laos | Liberia
41%
No matching quizzes found
Score Distribution
Percent of People with Each Score
Percentile by Number Answered
Your Score History
You have not taken this quiz since the last reset